000 00698nam a22002417a 4500
005 20170124110200.0
010 _a560334
020 _c00.00
035 _a560334
037 _bCen Lib/Ret
040 _aDPL
_bEN
082 _a136.73
_bHAV
100 _aHavighurst, Robert J.
_935873
245 _aAdolescent character and personality /
_cby Robert J.Havighurst [and] Hilda Taba
260 _aNew York
_bJohn Wiley & Sons
_c1949
270 _aNew York
_bNew York
300 _ax,315p.
_c20cm(Hb)
500 _aIncludes index
650 _aAdolescence
_927493
650 _aCommunity Factors
_935874
700 _aHilda Taba
_935875
942 _2ddc
_cEN
_h136.73
_mHAV
999 _c132831
_d132831